000 00786nam a2200277 a 4500
003 AR-BaBNM
005 20251128202841.0
008 082120s2002 ||||||||||||||000 | spa||
020 _a84-7088-427-1
040 _cAR-BaBNM
100 1 _aDromi, José Roberto
245 0 0 _aEl procedimiento administrativo
260 _aMadrid
_bInstituto de Estudios de Administración Local
_c1986
300 _a324 p.
500 _aIndice de abreviaturas p. 7-9
500 _aIndice p. 319-324
504 _aBibliografía p. 301-317
650 4 _aDERECHO ADMINISTRATIVO
650 4 _aPROCEDIMIENTOS ADMINISTRATIVOS
650 4 _aACTOS ADMINISTRATIVOS
650 4 _aRECURSOS ADMINISTRATIVOS
650 4 _aCONTRATOS
650 4 _aLEGISLACION ARGENTINA
942 _cBK
998 _cAndrea
999 _c882
_d882